Normal view
MARC view
- إعداد نمر خليف محمد حراحشة؛ إشراف سعيد رشيد عبد الرحمن الأعظمي
Entry Personal Name
001 - CONTROL NUMBER
- control field: 52233
003 - CONTROL NUMBER IDENTIFIER
- control field: JO-AjAnu
005 - DATE AND TIME OF LATEST TRANSACTION
- control field: 20230606082604.0
008 - FIXED-LENGTH DATA ELEMENTS
- fixed length control field: 230606|| aca||aabn | a|a d
040 ## - CATALOGING SOURCE
- Original cataloging agency: JO-AjAnu
- Transcribing agency: JO-AjAnu
100 ## - HEADING--PERSONAL NAME
- Personal name: إعداد نمر خليف محمد حراحشة؛ إشراف سعيد رشيد عبد الرحمن الأعظمي
670 ## - SOURCE DATA FOUND
- Source citation: Work cat.: (JO-AjAnu)26694: إعداد نمر خليف محمد حراحشة؛ إشراف سعيد رشيد عبد الرحمن الأعظمي, author, فاعلية برنامج تدريبي في تحسين الطلاقة اللفظية ومفهوم الذات وخفض الانسحاب الاجتماعي لدى الطلبة المتأتئين في عينه أردنية